| 000 | 00388nam a2200097Ia 4500 | ||
|---|---|---|---|
| 008 | 220204s9999 xx 000 0 und d | ||
| 082 |
_a581.522.4(06) _bTAM |
||
| 245 | 0 | _aAbiotic stress management: Challenges and opportunities, National Seminar, 25-26 October 2018,Coimbatore, Tamil Nadu Agricultural Unversity | |
| 260 |
_aCoimbatore _bTamil Nadu Agricultural University _c2018 |
||
| 942 | _cBK | ||
| 999 |
_c44798 _d44798 |
||